[Event "28th European Club Cup"]
[Site "Eilat ISR"]
[Date "2012.10.12"]
[Round "2.16"]
[White "Sammalvuo, Tapani"]
[Black "Palliser, Richard J D"]
[Result "1-0"]
[WhiteTitle "IM"]
[BlackTitle "IM"]
[WhiteElo "2466"]
[BlackElo "2458"]
[WhiteTeam "Shakkivelhot"]
[BlackTeam "White Rose"]
[WhiteFideId "501115"]
[BlackFideId "407372"]
[EventDate "2012.10.11"]
[EventType "team-swiss"]

1. Nf3 d6 2. c4 g6 3. Nc3 Bg7 4. d4 e5 5. e4 Nc6 6. dxe5 dxe5 7. Qxd8+ Kxd8 8.
Bg5+ f6 9. O-O-O+ Bd7 10. Be3 Nh6 11. h3 Kc8 12. Nd5 Nf7 13. c5 Be6 14. g4 Re8
15. Bb5 a6 16. Ba4 a5 17. Nd2 Rd8 18. Nb1 Kb8 19. Nbc3 f5 20. gxf5 gxf5 21. f3
Nd4 22. f4 fxe4 23. fxe5 Nf5 24. Bf4 Bxe5 25. Bxe5 Nxe5 26. Nf4 Nd3+ 27. Rxd3
exd3 28. Nxe6 Rg8 29. Nd5 Ka7 30. Ndxc7 d2+ 31. Kxd2 Rg2+ 32. Kc1 Rag8 33. Nb5+
Kb8 34. Nd6 Ne3 35. Nf4 Rf2 36. Bb3 Rf8 37. Nd3 Re2 38. Re1 Rf1 39. Rxf1 Nxf1
40. Bd5 Ne3 41. Bxb7 Rc2+ 42. Kb1 Rh2 43. Be4 Rxh3 44. c6 Rh4 45. Nc5 Rg4 46. a4 1-0

[Event "28th European Club Cup"]
[Site "Eilat ISR"]
[Date "2012.10.12"]
[Round "2.16"]
[White "Van De Griendt, Jan Willem"]
[Black "Nyysti, Sampsa"]
[Result "1/2-1/2"]
[WhiteTitle "FM"]
[BlackTitle "IM"]
[WhiteElo "2318"]
[BlackElo "2343"]
[WhiteTeam "White Rose"]
[BlackTeam "Shakkivelhot"]
[WhiteFideId "1002112"]
[BlackFideId "502138"]
[EventDate "2012.10.11"]
[EventType "team-swiss"]

1. d4 Nf6 2. c4 e6 3. Nf3 Bb4+ 4. Bd2 a5 5. g3 d6 6. Bg2 Nbd7 7. O-O e5 8. e3 c6
9. a3 Bxd2 10. Nfxd2 Qb6 11. Nc3 exd4 12. Na4 Qa7 13. Nb3 b5 14. cxb5 cxb5 15.
Nxd4 bxa4 16. Nb5 Qc5 17. Nxd6+ Ke7 18. Rc1 Qxd6 19. Qxd6+ Kxd6 20. Rfd1+ Ke7
21. Bxa8 Ba6 22. Bc6 Rb8 23. Bxa4 Rxb2 24. Rc7 Bb5 25. Bxb5 Rxb5 26. Ra7 Ke6 27.
Ra6+ Ke7 28. Ra7 Ke6 29. Ra6+ Ke7 30. Ra7 Ke6 31. Ra6+ 1/2-1/2

[Event "28th European Club Cup"]
[Site "Eilat ISR"]
[Date "2012.10.12"]
[Round "2.16"]
[White "Kosmo, Santul"]
[Black "Townsend, M Paul"]
[Result "1-0"]
[WhiteElo "2212"]
[BlackElo "2240"]
[WhiteTeam "Shakkivelhot"]
[BlackTeam "White Rose"]
[WhiteFideId "504173"]
[BlackFideId "402320"]
[EventDate "2012.10.11"]
[EventType "team-swiss"]

1. e4 g6 2. d4 Bg7 3. Nc3 d6 4. Be3 a6 5. Qd2 Nd7 6. f3 b5 7. a4 b4 8. Nd1 c5 9.
c3 bxc3 10. bxc3 Qa5 11. Bd3 Ngf6 12. Ne2 O-O 13. O-O Rb8 14. Nf2 Nb6 15. Bh6
Be6 16. Bxg7 Kxg7 17. Qg5 h6 18. Qg3 Bc4 19. f4 Bxd3 20. Qxd3 cxd4 21. cxd4 Rfc8
22. f5 Nc4 23. fxg6 fxg6 24. Nf4 Qd2 25. Qg3 g5 26. Ne6+ Kf7 27. e5 Qe3 28. exf6
Qxg3 29. hxg3 Kxe6 30. Rae1+ Kxf6 31. Ng4+ Kg6 32. Re6+ Kh5 33. Nh2 Rh8 34. g4+
Kh4 35. Rf3 Rb1+ 36. Kf2 Rb2+ 37. Re2 1-0

[Event "28th European Club Cup"]
[Site "Eilat ISR"]
[Date "2012.10.12"]
[Round "2.16"]
[White "Barrett, Stephen J"]
[Black "Verkasalo, Tommi"]
[Result "0-1"]
[WhiteElo "2225"]
[BlackElo "2185"]
[WhiteTeam "White Rose"]
[BlackTeam "Shakkivelhot"]
[WhiteFideId "408727"]
[BlackFideId "503070"]
[EventDate "2012.10.11"]
[EventType "team-swiss"]

1. d4 Nf6 2. c4 e6 3. Nc3 c5 4. d5 exd5 5. cxd5 d6 6. e4 g6 7. f4 Bg7 8. Nf3 O-O
9. Be2 Nbd7 10. O-O Re8 11. Qc2 Qe7 12. Nd2 Nb6 13. Bb5 Bd7 14. Bxd7 Nbxd7 15.
h3 c4 16. Nxc4 Rac8 17. Qe2 b5 18. Nxb5 Nxe4 19. Ncxd6 Nxd6 20. Qxe7 Rxe7 21.
Nxd6 Rc2 22. f5 Ree2 23. Bf4 Rxg2+ 24. Kh1 Be5 25. fxg6 hxg6 26. Rae1 f6 27. Ne4
Kg7 28. Bxe5 Nxe5 29. Rxf6 Rh2+ 30. Kg1 Rxh3 31. Ref1 Re2 32. Nc3 Rxb2 33. R6f2
Rg3+ 34. Kh2 Rxf2+ 35. Rxf2 Rxc3 36. Rb2 Kf6 37. a4 Ra3 38. Rb4 Kf5 39. d6 a5
40. Rb5 Rxa4 41. d7 Rd4 0-1

[Event "28th European Club Cup"]
[Site "Eilat ISR"]
[Date "2012.10.12"]
[Round "2.17"]
[White "Svetushkin, Dmitry"]
[Black "Leer-Salvesen, Bjarte"]
[Result "1-0"]
[BlackTitle "IM"]
[WhiteElo "2597"]
[BlackElo "2370"]
[WhiteTeam "Perfect"]
[BlackTeam "Soss"]
[WhiteFideId "13900463"]
[BlackFideId "1501496"]
[EventDate "2012.10.11"]
[EventType "team-swiss"]

1. e4 e6 2. d4 d5 3. Nc3 Bb4 4. e5 c5 5. a3 Bxc3+ 6. bxc3 Qc7 7. Nf3 b6 8. Bb5+
Bd7 9. Bd3 Ba4 10. O-O Ne7 11. Re1 Nbc6 12. dxc5 bxc5 13. c4 dxc4 14. Bxc4 Nf5
15. Bd3 Rd8 16. Qe2 O-O 17. Bg5 Rd7 18. Bxf5 exf5 19. Qc4 Qa5 20. e6 fxe6 21.
Qxe6+ Rdf7 22. Bd2 Qd8 23. Be3 Qd7 24. Qc4 Na5 25. Qa2 c4 26. Ne5 Qd5 27. Nxf7
Qxf7 28. Qb2 f4 29. Bc5 Rc8 30. Re7 Qg6 31. Bd4 1-0

[Event "28th European Club Cup"]
[Site "Eilat ISR"]
[Date "2012.10.12"]
[Round "2.17"]
[White "Byklum, Bjornar"]
[Black "Korsunsky, Yuri"]
[Result "0-1"]
[WhiteTitle "FM"]
[BlackTitle "IM"]
[WhiteElo "2298"]
[BlackElo "2419"]
[WhiteTeam "Soss"]
[BlackTeam "Perfect"]
[WhiteFideId "1502123"]
[BlackFideId "14102722"]
[EventDate "2012.10.11"]
[EventType "team-swiss"]

1. e4 d6 2. d4 Nf6 3. Nc3 g6 4. Be3 a6 5. Qd2 b5 6. f3 h5 7. Bd3 Bb7 8. a4 b4 9.
Nce2 a5 10. Nh3 Nbd7 11. O-O Bg7 12. Ng5 e6 13. h3 c5 14. c3 O-O 15. Rae1 cxd4
16. cxd4 e5 17. Bc4 d5 18. Ba2 dxe4 19. fxe4 exd4 20. Nxd4 Ne5 21. Ndf3 Nxf3+
22. Rxf3 Qxd2 23. Bxd2 Rad8 24. Be3 Bxe4 25. Rxf6 Bxf6 26. Nxe4 Bxb2 27. Ng5 Rd3
28. Bc5 b3 29. Bb1 Bd4+ 30. Kh2 Rc8 31. Bxd3 Rxc5 32. Ne4 Rc7 33. Nd6 Rd7 34.
Re8+ Kg7 35. Nc4 b2 36. Bb1 Rc7 37. Nxa5 Rc1 38. Bd3 h4 39. g4 Rd1 40. Be4 Rd2+
41. Kh1 Re2 0-1

[Event "28th European Club Cup"]
[Site "Eilat ISR"]
[Date "2012.10.12"]
[Round "2.17"]
[White "Stenersen, Gudmund"]
[Black "Slavin, Gennadie"]
[Result "0-1"]
[WhiteElo "2226"]
[BlackElo "2300"]
[WhiteTeam "Soss"]
[BlackTeam "Perfect"]
[WhiteFideId "1502581"]
[BlackFideId "4104870"]
[EventDate "2012.10.11"]
[EventType "team-swiss"]

1. e4 e6 2. d4 d5 3. Nc3 Nf6 4. e5 Ne4 5. Nce2 f6 6. f3 Ng5 7. h4 Nf7 8. f4 c5
9. Nf3 Nc6 10. c3 Qb6 11. a3 a5 12. b3 Bd7 13. g3 Be7 14. Bh3 f5 15. Be3 cxd4
16. cxd4 Rc8 17. Bd2 O-O 18. Qb1 Rc7 19. g4 Nh6 20. gxf5 Nxf5 21. Bxf5 Rxf5 22.
Qd3 Nd8 23. Ng3 Bb5 24. Qb1 Rf8 25. Ng5 Bxg5 26. hxg5 g6 27. Qb2 Nc6 28. Be3 Ne7
29. Kf2 Bc4 30. Rab1 Ba6 31. a4 Rfc8 32. Rhc1 Bd3 33. Rxc7 Qxc7 34. Rc1 Qc2+ 35.
Qxc2 Rxc2+ 36. Ke1 Rxc1+ 37. Bxc1 Bc2 38. Ne2 Bxb3 39. Ba3 Nc6 40. Bc5 Bxa4 41.
Nc3 Bb3 42. Nb5 Bc4 43. Na7 Nb8 44. Bd6 Nd7 45. Bc7 a4 46. Kd2 h5 47. gxh6 Kh7
48. Bd6 Kxh6 49. Nc8 Kh5 50. Ke3 Bb3 51. Kf3 Nb8 52. Nb6 Nc6 53. Ke3 Kg4 54. Ba3
Bc2 55. Bc5 Nd8 56. Kd2 Bb3 57. Ke3 Kg3 58. Be7 Nf7 59. Ba3 Nh6 60. Bc1 Nf5+ 61.
Kd3 Kf3 62. Kc3 Ng3 63. Kb4 Ne2 64. Bb2 Nxf4 65. Nd7 g5 66. Nc5 g4 67. Nxb7 g3 0-1

[Event "28th European Club Cup"]
[Site "Eilat ISR"]
[Date "2012.10.12"]
[Round "2.17"]
[White "Alekseev, Andrey"]
[Black "Andreassen, Pal"]
[Result "1-0"]
[WhiteTitle "IM"]
[WhiteElo "2340"]
[BlackElo "2133"]
[WhiteTeam "Perfect"]
[BlackTeam "Soss"]
[WhiteFideId "4106873"]
[BlackFideId "1503723"]
[EventDate "2012.10.11"]
[EventType "team-swiss"]

1. d4 Nf6 2. Nf3 g6 3. e3 Bg7 4. Bd3 d5 5. O-O O-O 6. b3 Ne4 7. Bb2 c5 8. c4 e6
9. Qc2 Nc6 10. a3 cxd4 11. exd4 Nd6 12. c5 Nf5 13. Bxf5 gxf5 14. b4 Bd7 15. Qd3
Kh8 16. Nc3 a6 17. Rfe1 Rg8 18. Bc1 Bf6 19. Bf4 Rg4 20. g3 Qg8 21. Qd2 Qg7 22.
Ne2 h5 23. a4 Rg8 24. b5 axb5 25. axb5 Ne7 26. c6 bxc6 27. b6 Ng6 28. b7 Nxf4
29. Nxf4 h4 30. Ra8 hxg3 31. hxg3 Rxg3+ 32. fxg3 Qxg3+ 33. Ng2 1-0

[Event "28th European Club Cup"]
[Site "Eilat ISR"]
[Date "2012.10.13"]
[Round "3.1"]
[White "Koykka, Pekka"]
[Black "Efimenko, Zahar"]
[Result "0-1"]
[BlackTitle "GM"]
[WhiteElo "2242"]
[BlackElo "2689"]
[WhiteTeam "Tammer-Shakki"]
[BlackTeam "Saint-Petersburg Chess Federation"]
[WhiteFideId "504319"]
[BlackFideId "14107201"]
[EventDate "2012.10.11"]
[EventType "team-swiss"]

1. e4 e5 2. Nf3 Nc6 3. Bb5 a6 4. Ba4 Nf6 5. O-O Be7 6. Re1 b5 7. Bb3 d6 8. c3
O-O 9. h3 Na5 10. Bc2 c5 11. d4 Nd7 12. Nbd2 exd4 13. cxd4 Re8 14. Nf1 Bb7 15.
Ng3 g6 16. Bf4 Bf6 17. Rc1 cxd4 18. Nxd4 Nc4 19. b3 Nce5 20. Bb1 Nc5 21. Nf3 Qe7
22. Nh2 Rad8 23. Ng4 Bg7 24. Bh6 Nxg4 25. Bxg7 Nxf2 26. Qd4 Nxh3+ 27. gxh3 Ne6
28. Qf2 Nxg7 0-1

[Event "28th European Club Cup"]
[Site "Eilat ISR"]
[Date "2012.10.13"]
[Round "3.1"]
[White "Zvjaginsev, Vadim"]
[Black "Kytoniemi, Jyrki"]
[Result "1-0"]
[WhiteTitle "GM"]
[BlackTitle "FM"]
[WhiteElo "2678"]
[BlackElo "2283"]
[WhiteTeam "Saint-Petersburg Chess Federation"]
[BlackTeam "Tammer-Shakki"]
[WhiteFideId "4113403"]
[BlackFideId "501425"]
[EventDate "2012.10.11"]
[EventType "team-swiss"]

1. c4 e6 2. Nf3 d5 3. b3 Be7 4. Bb2 Nf6 5. g3 O-O 6. Bg2 a6 7. O-O b5 8. cxd5
exd5 9. d4 Nbd7 10. e3 c5 11. Ne5 Bb7 12. Nxd7 Nxd7 13. Nc3 Nf6 14. dxc5 Bxc5
15. Qd3 Qd6 16. Rad1 Rfd8 17. Ne2 Ne4 18. Bxg7 Kxg7 19. Bxe4 dxe4 20. Qc3+ Qf6
21. Qxc5 Rac8 22. Qh5 h6 23. Rd7 Rxd7 24. Qg4+ Qg6 25. Qxd7 Qc6 26. Rd1 Qxd7 27.
Rxd7 Bc6 28. Ra7 Ra8 29. Rc7 Be8 30. Nc3 b4 31. Nxe4 Rd8 32. Kf1 Rd1+ 33. Ke2
Ra1 34. Nd6 Rxa2+ 35. Kf3 Bb5 36. Nxb5 axb5 37. Rd7 Rb2 38. Rd3 Kg6 39. h4 h5
40. e4 f6 41. Ke3 Kf7 42. f3 Rc2 43. Rd7+ Kg6 44. f4 Rc3+ 45. Rd3 Rc2 46. Kd4
Kf7 47. f5 Ke7 48. e5 fxe5+ 49. Kxe5 Rc3 50. Kd4 Rc2 51. Ke4 Rc3 52. Re3 Kf8 53.
Kf4 Kf7 54. g4 hxg4 55. Rg3 Rc1 56. Kg5 Rc3 57. Kxg4 Kg7 58. h5 Kf6 59. h6 Rc1
60. Rh3 Rg1+ 61. Kf4 Rf1+ 62. Ke4 Re1+ 63. Kd4 Rd1+ 64. Kc5 Rd8 65. h7 Rh8 66.
Rh5 Ke5 67. Kxb4 Kf4 68. f6 1-0

[Event "28th European Club Cup"]
[Site "Eilat ISR"]
[Date "2012.10.13"]
[Round "3.1"]
[White "Penttinen, Jarkko"]
[Black "Matlakov, Maxim"]
[Result "0-1"]
[WhiteTitle "FM"]
[BlackTitle "GM"]
[WhiteElo "2258"]
[BlackElo "2665"]
[WhiteTeam "Tammer-Shakki"]
[BlackTeam "Saint-Petersburg Chess Federation"]
[WhiteFideId "501743"]
[BlackFideId "4168003"]
[EventDate "2012.10.11"]
[EventType "team-swiss"]

1. d4 Nf6 2. Nf3 d5 3. e3 g6 4. Be2 Bg7 5. O-O O-O 6. b4 c6 7. Nbd2 Bf5 8. a4
Nbd7 9. c4 Qc7 10. Bb2 dxc4 11. Nxc4 Rad8 12. Qb3 Be6 13. Qc2 Bf5 14. Qb3 Ne4
15. Rfd1 Nb6 16. Nce5 Nd6 17. a5 Nd7 18. a6 Nxe5 19. dxe5 Nb5 20. axb7 Be6 21.
Qc2 Rxd1+ 22. Rxd1 Qxb7 23. Qc5 Re8 24. Nd4 Nxd4 25. Bxd4 Rb8 26. Bc3 Qb6 27.
Ra1 Qxc5 28. bxc5 Rb3 29. Bd4 f6 30. exf6 Bxf6 31. Bf3 Bxd4 32. exd4 Bd5 33.
Bxd5+ cxd5 34. Kf1 Rb4 35. Rxa7 Kf7 36. c6 Rxd4 37. c7 Rc4 38. Ke2 Ke6 39. Ra3
Rc2+ 40. Kd1 Rxc7 41. Rh3 h5 42. Re3+ Kf5 43. Rf3+ Ke5 44. Re3+ Kf6 45. Rf3+ Kg7
46. Re3 Kf7 47. Rf3+ Ke8 48. Rg3 Rc6 49. Rg5 Rd6 50. f4 Kf7 51. Re5 e6 52. Ke2
Ra6 53. Kf3 Ra3+ 54. Kf2 h4 55. h3 Rg3 56. Re1 Kf6 57. Ra1 Kf5 58. Re1 g5 59.
fxg5 e5 60. Ra1 d4 61. Ra8 Rxg5 62. Rh8 Ke4 63. Rxh4+ Kd3 64. Rh8 e4 65. Ra8 e3+
66. Kg1 Rc5 0-1

[Event "28th European Club Cup"]
[Site "Eilat ISR"]
[Date "2012.10.13"]
[Round "3.1"]
[White "Khairullin, Ildar"]
[Black "Lehtioksa, Jorma"]
[Result "1-0"]
[WhiteTitle "GM"]
[WhiteElo "2639"]
[BlackElo "2179"]
[WhiteTeam "Saint-Petersburg Chess Federation"]
[BlackTeam "Tammer-Shakki"]
[WhiteFideId "4151348"]
[BlackFideId "502200"]
[EventDate "2012.10.11"]
[EventType "team-swiss"]

1. d4 Nf6 2. c4 c5 3. d5 b5 4. cxb5 a6 5. bxa6 g6 6. Nc3 Bxa6 7. e4 Bxf1 8. Kxf1
d6 9. Nf3 Bg7 10. g3 Nbd7 11. Kg2 O-O 12. a4 Qb6 13. Qe2 Qa6 14. Nb5 Rfb8 15.
Ra3 Ne8 16. Re1 Qc8 17. Bg5 Kf8 18. Bf4 Ne5 19. Nxe5 dxe5 20. Bd2 Nd6 21. Rc1
Nxb5 22. axb5 e6 23. Bb4 Kg8 24. Rxc5 Qe8 25. d6 Rd8 26. Rxa8 Rxa8 27. Rc7 Rb8
28. d7 Qd8 29. Qc4 1-0

[Event "28th European Club Cup"]
[Site "Eilat ISR"]
[Date "2012.10.13"]
[Round "3.2"]
[White "Smirin, Ilia"]
[Black "Inarkiev, Ernesto"]
[Result "1-0"]
[WhiteTitle "GM"]
[BlackTitle "GM"]
[WhiteElo "2638"]
[BlackElo "2683"]
[WhiteTeam "Ashdod"]
[BlackTeam "Tomsk-400"]
[WhiteFideId "2801990"]
[BlackFideId "4162722"]
[EventDate "2012.10.11"]
[EventType "team-swiss"]

1. e4 e5 2. Nf3 Nc6 3. Bb5 a6 4. Ba4 Nf6 5. O-O Be7 6. Re1 b5 7. Bb3 O-O 8. d3
d6 9. c3 Re8 10. Nbd2 Bf8 11. a4 Rb8 12. axb5 axb5 13. Nf1 b4 14. Bg5 bxc3 15.
bxc3 h6 16. Bh4 Bd7 17. Ne3 Be7 18. Nf5 Bxf5 19. exf5 Nd7 20. Bd5 Rb6 21. Qa4
Bxh4 22. Qc4 Bf6 23. Bxc6 Rf8 24. Ra7 Nc5 25. Bd5 Qc8 26. d4 exd4 27. cxd4 Nb7
28. Ra6 Rb2 29. g4 c5 30. h4 Rb4 31. Qa2 cxd4 32. Bxf7+ Kh8 33. Be6 Qd8 34. Qd2
Nc5 35. Rc6 Qa5 36. g5 Nxe6 37. fxe6 Be7 38. Rc4 d5 39. Rxb4 Qxb4 40. Qxb4 Bxb4
41. Rb1 Bd6 42. Rb6 Rd8 43. g6 Kg8 44. Kf1 d3 45. h5 Kf8 46. Rb7 Re8 47. Nd4 Be5
48. Rf7+ Kg8 49. Nf5 Bc3 50. Ne7+ Kh8 51. Nxd5 Be5 52. e7 Kg8 53. Ke1 1-0

[Event "28th European Club Cup"]
[Site "Eilat ISR"]
[Date "2012.10.13"]
[Round "3.2"]
[White "Kurnosov, Igor"]
[Black "Romanov, Evgeny"]
[Result "1-0"]
[WhiteTitle "GM"]
[BlackTitle "GM"]
[WhiteElo "2660"]
[BlackElo "2611"]
[WhiteTeam "Tomsk-400"]
[BlackTeam "Ashdod"]
[WhiteFideId "4142527"]
[BlackFideId "4148843"]
[EventDate "2012.10.11"]
[EventType "team-swiss"]

1. e4 e6 2. d4 d5 3. Nc3 Bb4 4. e5 c5 5. a3 Bxc3+ 6. bxc3 Qa5 7. Bd2 Qa4 8. h4
b6 9. h5 Ba6 10. Qg4 Kf8 11. h6 Nxh6 12. Bxh6 gxh6 13. Bxa6 Nxa6 14. Ne2 Qxc2
15. Rxh6 Rc8 16. Rf6 Re8 17. Rc1 Qe4 18. Qh5 Re7 19. Kd2 h6 20. Nf4 Ke8 21. Re1
Qh7 22. Nxe6 c4 23. Nf4 Nc7 24. e6 Kd8 25. exf7 Rxe1 26. f8=Q+ Rxf8 27. Rxf8+
Re8 28. Rxe8+ Nxe8 29. Qxd5+ Qd7 30. Qxc4 Nd6 31. Qd5 Qe7 32. Qa8+ Nc8 33. Qd5+
Nd6 34. a4 Kc7 35. Ne6+ Kd7 36. Nf4 Kc7 37. Nd3 Qe8 38. a5 Qa4 39. axb6+ axb6
40. Ne5 Qe8 41. g4 1-0

[Event "28th European Club Cup"]
[Site "Eilat ISR"]
[Date "2012.10.13"]
[Round "3.4"]
[White "Rublevsky, Sergei"]
[Black "Najer, Evgeniy"]
[Result "1-0"]
[WhiteTitle "GM"]
[BlackTitle "GM"]
[WhiteElo "2693"]
[BlackElo "2664"]
[WhiteTeam "Ugra"]
[BlackTeam "SHSM-64"]
[WhiteFideId "4115309"]
[BlackFideId "4118987"]
[EventDate "2012.10.11"]
[EventType "team-swiss"]

1. e4 e5 2. Nf3 Nc6 3. d4 exd4 4. Nxd4 Nf6 5. Nc3 Bb4 6. Nxc6 bxc6 7. Bd3 d5 8.
exd5 O-O 9. O-O cxd5 10. h3 c6 11. Qf3 Re8 12. Bf4 Be6 13. Ne2 Bd6 14. Rfe1 Qb8
15. b3 Bd7 16. Bxd6 Qxd6 17. c4 d4 18. Qf4 Qxf4 19. Nxf4 c5 20. Bf1 Bc6 21. Nd3
Nd7 22. g4 f5 23. gxf5 Kf7 24. b4 cxb4 25. Nxb4 Ba4 26. Bg2 Rxe1+ 27. Rxe1 Re8
28. Rxe8 Kxe8 29. Bc6 Bxc6 30. Nxc6 d3 31. Kf1 a6 32. Ke1 Nc5 33. f3 Kd7 34.
Ne5+ Kd6 35. f4 h5 36. Kd2 Ne4+ 37. Kxd3 Nf2+ 38. Ke3 Nxh3 39. Nf3 Ke7 40. Ng5 1-0

[Event "28th European Club Cup"]
[Site "Eilat ISR"]
[Date "2012.10.13"]
[Round "3.5"]
[White "Grischuk, Alexander"]
[Black "Stubberud, Ornulf"]
[Result "1-0"]
[WhiteTitle "GM"]
[BlackTitle "FM"]
[WhiteElo "2752"]
[BlackElo "2309"]
[WhiteTeam "SOCAR Azerbaijan"]
[BlackTeam "Oslo Schakselskap"]
[WhiteFideId "4126025"]
[BlackFideId "1503758"]
[EventDate "2012.10.11"]
[EventType "team-swiss"]

1. e4 d6 2. d4 Nf6 3. Nc3 g6 4. Bg5 Bg7 5. Qd2 c6 6. f4 O-O 7. Bd3 Qc7 8. e5 Nd5
9. Nxd5 cxd5 10. Nf3 Nc6 11. O-O f6 12. exf6 exf6 13. Bh4 f5 14. c3 Bd7 15. Rfe1
Rfe8 16. h3 Na5 17. b3 b5 18. Rac1 a6 19. Kh2 Qb6 20. Rc2 Rxe1 21. Qxe1 Re8 22.
Re2 Rxe2 23. Qxe2 Nc6 24. b4 Qb8 25. Bc2 Kh8 26. Bb3 Qg8 27. a4 Qe6 28. Qa2 Ne7
29. axb5 Bxb5 30. Bxe7 Qxe7 31. Bxd5 Be2 32. Ng5 Qe3 33. Nf7+ Kg8 34. Nd8+ Kh8
35. Nf7+ Kg8 36. Bf3 h5 37. Nd8+ 1-0

[Event "28th European Club Cup"]
[Site "Eilat ISR"]
[Date "2012.10.13"]
[Round "3.5"]
[White "Safarli, Eltaj"]
[Black "Hauge, Lars Oskar"]
[Result "1-0"]
[WhiteTitle "GM"]
[WhiteElo "2616"]
[BlackElo "2174"]
[WhiteTeam "SOCAR Azerbaijan"]
[BlackTeam "Oslo Schakselskap"]
[WhiteFideId "13402129"]
[BlackFideId "1509276"]
[EventDate "2012.10.11"]
[EventType "team-swiss"]

1. e4 c5 2. Nf3 e6 3. Nc3 a6 4. d4 cxd4 5. Nxd4 Qc7 6. g3 Nf6 7. Bg2 Be7 8. O-O
d6 9. a4 O-O 10. Nb3 Nc6 11. f4 b6 12. g4 d5 13. e5 Nd7 14. Ne2 Nc5 15. Nbd4 Ne4
16. c3 Bd7 17. Nxc6 Qxc6 18. f5 Qc4 19. Nd4 Bc5 20. Be3 f6 21. exf6 Rxf6 22. Re1
Bd6 23. g5 Rxf5 24. Bxe4 1-0

[Event "28th European Club Cup"]
[Site "Eilat ISR"]
[Date "2012.10.13"]
[Round "3.5"]
[White "Mihajlov, Sebastian"]
[Black "Guseinov, Gadir"]
[Result "0-1"]
[BlackTitle "GM"]
[WhiteElo "2043"]
[BlackElo "2608"]
[WhiteTeam "Oslo Schakselskap"]
[BlackTeam "SOCAR Azerbaijan"]
[WhiteFideId "1512110"]
[BlackFideId "13401378"]
[EventDate "2012.10.11"]
[EventType "team-swiss"]

1. d4 g6 2. c4 Bg7 3. e4 d6 4. Nc3 Nc6 5. Be3 e5 6. d5 Nce7 7. c5 f5 8. f3 Nf6
9. cxd6 cxd6 10. Bb5+ Kf7 11. Nge2 Rf8 12. Qd2 Kg8 13. Bd3 Bd7 14. a4 fxe4 15.
Nxe4 Nf5 16. Bf2 Bh6 17. Qb4 a5 18. Qb3 Nxe4 19. Bxe4 Qg5 20. O-O Ne3 21. Bxe3
Qxe3+ 22. Qxe3 Bxe3+ 23. Kh1 Rfc8 24. Nc3 Bd4 25. Rfc1 Rc5 26. Nb5 Rxc1+ 27.
Rxc1 Bxb5 28. axb5 Bxb2 29. Rc2 Bd4 30. Rc4 a4 31. Bb1 Bc5 32. g3 Ra5 33. Ba2 a3
34. Rc3 Rxb5 35. Rb3 Bb4 36. Bb1 Kf8 37. Kg2 Ke7 38. Kf1 Kd8 39. Ke2 Kc7 40. h4
Kb6 41. Ba2 Ka5 42. g4 Rc5 0-1

[Event "28th European Club Cup"]
[Site "Eilat ISR"]
[Date "2012.10.13"]
[Round "3.6"]
[White "Sasikiran, Krishnan"]
[Black "Stojcevski, Zoran"]
[Result "1-0"]
[WhiteTitle "GM"]
[BlackTitle "FM"]
[WhiteElo "2680"]
[BlackElo "2325"]
[WhiteTeam "G-Team Novy Bor"]
[BlackTeam "Gambit Aseko-See"]
[WhiteFideId "5004985"]
[BlackFideId "15000192"]
[EventDate "2012.10.11"]
[EventType "team-swiss"]

1. d4 Nf6 2. c4 e6 3. Nc3 Bb4 4. e3 O-O 5. Bd3 Bxc3+ 6. bxc3 d6 7. Ne2 e5 8. e4
Re8 9. f3 c5 10. O-O h6 11. Be3 b6 12. d5 Nbd7 13. Ng3 Nf8 14. Qd2 N6h7 15. Bc2
Ng6 16. Rae1 Qh4 17. Nf5 Bxf5 18. exf5 Ne7 19. Qd3 f6 20. f4 Qh5 21. fxe5 dxe5
22. d6 Rad8 23. Ba4 Rf8 24. Rd1 Nc8 25. d7 Ne7 26. Qd6 Qf7 27. Qc7 Kh8 28. Bb5
g6 29. Qxa7 Nxf5 30. Bc1 Qe6 31. a4 Nh4 32. Qc7 Ng5 33. Bxg5 hxg5 34. a5 Qg4 35.
Rd2 e4 36. Qg3 Qxg3 37. hxg3 Nf5 38. a6 Nxg3 39. Ra1 f5 40. a7 Kg7 41. a8=Q e3
42. Qf3 f4 43. Qxg3 fxg3 44. Re2 Ra8 45. Rae1 1-0

[Event "28th European Club Cup"]
[Site "Eilat ISR"]
[Date "2012.10.13"]
[Round "3.6"]
[White "Andonovski, Ljubisa"]
[Black "Markos, Jan"]
[Result "0-1"]
[WhiteTitle "FM"]
[BlackTitle "GM"]
[WhiteElo "2274"]
[BlackElo "2581"]
[WhiteTeam "Gambit Aseko-See"]
[BlackTeam "G-Team Novy Bor"]
[WhiteFideId "15000427"]
[BlackFideId "14903474"]
[EventDate "2012.10.11"]
[EventType "team-swiss"]

1. d4 Nf6 2. c4 e6 3. Nf3 c5 4. d5 b5 5. Bg5 exd5 6. cxd5 d6 7. e4 a6 8. a4 Be7
9. Bxf6 Bxf6 10. axb5 Bxb2 11. Ra2 Bf6 12. Nbd2 O-O 13. Bd3 Bb7 14. O-O axb5 15.
Rxa8 Bxa8 16. Bxb5 Nd7 17. Qa4 Nb6 18. Qa7 Qb8 19. Qxb8 Rxb8 20. Rb1 Bc3 21. Ba6
Bb4 22. g4 g6 23. g5 Kg7 24. Ra1 h6 25. h4 Rh8 26. Kg2 f5 27. gxf6+ Kxf6 28. Bd3
Bb7 29. Ra7 Rb8 30. e5+ dxe5 31. Ne4+ Kf5 32. Nd6+ Kf4 33. Nxb7 0-1

[Event "28th European Club Cup"]
[Site "Eilat ISR"]
[Date "2012.10.13"]
[Round "3.6"]
[White "Cvek, Robert"]
[Black "Dinev, Dejan"]
[Result "1-0"]
[WhiteTitle "GM"]
[BlackTitle "FM"]
[WhiteElo "2540"]
[BlackElo "2348"]
[WhiteTeam "G-Team Novy Bor"]
[BlackTeam "Gambit Aseko-See"]
[WhiteFideId "307424"]
[BlackFideId "15000095"]
[EventDate "2012.10.11"]
[EventType "team-swiss"]

1. c4 e5 2. Nc3 Nf6 3. e3 Nc6 4. a3 d5 5. cxd5 Nxd5 6. Qc2 Be7 7. Nf3 O-O 8. Bb5
Qd6 9. d3 Nxc3 10. Qxc3 Bf6 11. Nd2 Qd5 12. Bxc6 bxc6 13. e4 Qd7 14. Nb3 Be7 15.
Be3 Ba6 16. Rd1 Rfd8 17. O-O f5 18. f3 Qe6 19. Nc5 Bxc5 20. Bxc5 Bb5 21. Rfe1
fxe4 22. dxe4 Rxd1 23. Rxd1 a5 24. h3 a4 25. Qd2 Qc4 26. Bb4 Re8 27. Bc3 Qc5+
28. Kh2 Qf8 29. Qg5 h6 30. Qg3 Qe7 31. Qg4 Qf6 32. Rd7 Bc4 33. Rxc7 Be6 34. Qg3
Bf7 35. Ra7 Bb3 36. Ra5 1-0